INTENSIDAD Y ALTURA DE CESAR VALLEJO/

Kaydedildi:
Detaylı Bibliyografya
Diğer Yazarlar: Carrión Ordóñez, Enrique (autor) (autor)
Materyal Türü: Kitap
Konular:
Etiketler: Etiketle
Etiket eklenmemiş, İlk siz ekleyin!

MARC

LEADER 00000nam^a2200000^a^4500
001 000224603
005 20250521000000.0
009 20260310104055.572
022 |a 83-262-312 
035 |a 043557 
037 |a Acervo Xavier Clavigero 
082 |a 860. 092  |b INT 
245 1 0 |a INTENSIDAD Y ALTURA DE CESAR VALLEJO/  |c ENRIQUE CARRION ORDOÑEZ ...[ ET. AL.] 
264 |a Lima, Perú :  |b Pontificia Universidad Católica del Perú,  |c 1993 
300 |a 341p. 
336 |a texto  |b txt  |2 rdacontenido 
337 |a sin mediación  |b n  |2 rdamedio 
338 |a volumen  |b nc  |2 rdasoporte 
649 |a XX 
650 |a Vallejo, César 
650 |a PACTOS PERUANOS 
700 |a Carrión Ordóñez, Enrique  |e (autor) 
910 |a Fondo General 
920 |a Impresos - Libros 
930 |a Colección General 
940 |a Literatura 
905 |a 101 
901 |a 043557  |b IT1  |c LIT  |i 043557  |u 20250521 
902 |a https://opac.biblio.iteso.mx/vufind/Record/000224603